Normal view MARC view

Entry Personal Name

Number of records used in: 1

001 - CONTROL NUMBER

  • control field: 80886

003 - CONTROL NUMBER IDENTIFIER

  • control field: dpl

005 - DATE AND TIME OF LATEST TRANSACTION

  • control field: 20250425145031.0

008 - FIXED-LENGTH DATA ELEMENTS

  • fixed length control field: 250425|| aca||aabn | a|a d

040 ## - CATALOGING SOURCE

  • Original cataloging agency: dpl
  • Transcribing agency: dpl

100 ## - HEADING--PERSONAL NAME

  • Personal name: Sharma, G. Ranjit

670 ## - SOURCE DATA FOUND

  • Source citation: Work cat.: (dpl)209564: Sharma, G. Ranjit , The idealistic philosophy of swami vivekananda /, 2025

© Delhi Public Library
Hit Counter
free hit counter